SAT Vocab 3 - Statistics

General Stats
  • This quiz has been taken 50 times
  • The average score is 5 of 22
Answer Stats
Answer Hint % Correct
Abhorrent (adj) detestable
36%
Abstain (v) to hold oneself back voluntarily from something regarded as unhealthy or improper
36%
Abdicate (v) to give up or renounce
32%
Cajole (v) to persuade by flattery
32%
Chastise (v) to criticize severely
32%
Impeccable (adj) flawless
27%
Abridge (v) to shorten
23%
Anesthetic (n) a drug that causes temporary loss of bodily sensations
23%
Cathartic (adj) purgative
23%
Deplete (v) to exhaust the supply of
23%
Desolate (adj) solitary; barren or laid waste
23%
Impoverished (adj) made poor
23%
Archaic (adj) antiquated
18%
Caustic (adj) severely critical or sarcastic
18%
Censure (v) to express strong disapproval
18%
Censure (n) a strong expression of disapproval
18%
Chide (v) to scold
18%
Impediment (n) an obstruction
18%
Absolve (v) to free from guilt or blame
14%
Aptitude (n) ability; capability
14%
Archaeology (n) the study of past cultures
14%
Cantankerous (adj) disagreeable to deal with
9%
No matching quizzes found
Score Distribution
Percent of People with Each Score
Percentile by Number Answered
Your Score History
You have not taken this quiz